[Event "Interzonal-16"]
[Site "Biel"]
[Date "1993.??.??"]
[Round "13"]
[White "Portisch, Lajos"]
[Black "Polgar, Judit"]
[Result "1/2-1/2"]
[WhiteElo "2585"]
[BlackElo "2630"]
[Annotator "Ftacnik,L"]
[PlyCount "77"]
[EventDate "1993.07.16"]
[EventType "swiss"]
[EventRounds "13"]
[EventCountry "SUI"]
[SourceTitle "CBM 037"]
[Source "ChessBase"]
[SourceDate "1993.12.01"]
[SourceVersion "1"]
[SourceVersionDate "1993.12.01"]
[SourceQuality "1"]

1. d4 Nf6 2. c4 g6 3. Nc3 Bg7 4. e4 d6 5. f3 O-O 6. Be3 c5 7. Nge2 Nc6 8. d5
Ne5 9. Ng3 e6 10. Be2 exd5 11. cxd5 a6 12. a4 Bd7 (12... h5 13. O-O h4 14. Nh1
Nh7 15. Nf2 f5 16. Qd2 Qf6 17. f4 $1 Nf7 (17... Ng4 18. Bxg4 $1 fxg4 19. f5 $1
gxf5 20. Nxg4 Qg6 21. Nh6+ $16) 18. exf5 gxf5 19. Kh1 {/\ Rg1, g4+/-}) 13. f4
$1 (13. h3 b5 $1 14. f4 $5 Nc4 15. Bxc4 bxc4 $13) (13. O-O) 13... Neg4 14. Bd2
h5 $8 (14... b5 15. h3 Nh6 16. axb5 axb5 17. Rxa8 Qxa8 18. Nxb5 $16 {פh6}) 15.
h3 h4 $5 16. hxg4 hxg3 17. e5 $5 dxe5 (17... Nh7 18. e6 $5 fxe6 19. Qc2 $40)
18. fxe5 Re8 $1 (18... Nh7 19. e6 $1 fxe6 20. Qc2 $40) 19. Bf4 $8 (19. exf6 $2
Qxf6 {/\ Qf2, Bg4-/+}) 19... b5 $1 (19... Nh7 $5 20. e6 $1 (20. Qd2 $6 Rxe5 $1
$44) 20... fxe6 21. d6 $13) 20. axb5 Bxb5 $8 21. Bxb5 axb5 22. Rxa8 Qxa8 23.
O-O Nd7 24. Bxg3 Nxe5 (24... Bxe5 $5 25. Bxe5 Nxe5 {/\ Kg7}) 25. Nxb5 c4 $2 (
25... Rb8 26. Re1 Rxb5 27. Bxe5 Bxe5 28. Rxe5 $10) 26. Nd6 Rd8 27. Bxe5 Bxe5
28. Nxf7 (28. Nxc4 $5 Rxd5 29. Qf3 $36) 28... Rxd5 29. Qc2 $2 (29. Qe2 $1 Qc6
$1 30. Kh1 Bg7 $13) 29... Bd4+ 30. Kh1 Qc6 $1 31. g5 Rd7 32. Nh6+ Kg7 33. Qe2
Rb7 34. Rf4 c3 $1 35. bxc3 Qxc3 36. Qf1 Qa1 $1 $8 37. Qxa1 Bxa1 38. g3 Bc3 39.
Ng4 1/2-1/2

[Event "Interzonal-12b"]
[Site "Toluca de Lerdo"]
[Date "1982.08.21"]
[Round "8"]
[White "Adorjan, Andras"]
[Black "Nunn, John DM"]
[Result "1/2-1/2"]
[WhiteElo "2515"]
[BlackElo "2590"]
[Annotator "Ftacnik,L"]
[PlyCount "54"]
[EventDate "1982.08.11"]
[EventType "tourn"]
[EventRounds "13"]
[EventCountry "MEX"]
[EventCategory "12"]
[SourceTitle "IZT"]
[Source "ChessBase"]
[SourceDate "1999.07.01"]
[SourceVersion "1"]
[SourceVersionDate "1999.07.01"]
[SourceQuality "1"]

1. c4 Nf6 2. Nc3 g6 3. e4 d6 4. d4 Bg7 5. f3 O-O 6. Bg5 c5 7. d5 e6 8. Qd2 exd5
9. cxd5 a6 10. a4 Nbd7 11. Nh3 Qa5 $5 12. Ra2 c4 13. Nf2 Qc7 14. Be2 Nc5 $6 (
14... Rb8 $1 $10) 15. O-O $2 (15. Bxc4 $1 Ncxe4 16. Nfxe4 Nxe4 17. Nxe4 Qxc4
18. Nf6+ Kh8 (18... Bxf6 19. Bxf6 Qxa2 20. Qh6 $18) 19. b3 $1 Qxb3 20. O-O Bf5
21. g4 Bd3 22. Qf2 $1 $40) 15... Nb3 16. Qd1 Rb8 $13 17. e5 $5 dxe5 18. d6 Qc6
19. f4 e4 20. Bxf6 Bxf6 21. Nd5 Bd8 22. Nxe4 Be6 23. Ne7+ Bxe7 24. dxe7 Qxe4
25. exf8=Q+ Rxf8 $44 {צa2} 26. a5 Nd4 27. Bf3 Qe3+ (27... Qe3+ 28. Kh1 c3 29.
Ra3 Qxf4 30. Rxc3 Nxf3 31. Rcxf3 Qb4 $10) 1/2-1/2

[Event "USA-ch"]
[Site "Key West"]
[Date "1994.??.??"]
[Round "11"]
[White "Benjamin, Joel"]
[Black "Yermolinsky, Alex"]
[Result "1/2-1/2"]
[WhiteElo "2610"]
[BlackElo "2590"]
[Annotator "Ftacnik,L"]
[PlyCount "47"]
[EventDate "1994.10.??"]
[EventType "tourn"]
[EventRounds "13"]
[EventCountry "USA"]
[EventCategory "13"]
[SourceTitle "CBM 044"]
[Source "ChessBase"]
[SourceDate "1995.02.01"]
[SourceVersion "1"]
[SourceVersionDate "1995.02.01"]
[SourceQuality "1"]

1. d4 Nf6 2. c4 g6 3. Nc3 Bg7 4. e4 d6 5. f3 O-O 6. Bg5 c5 7. d5 e6 8. Qd2 exd5
9. cxd5 Re8 (9... a6 10. a4 h6 11. Be3 Re8 12. Nge2 Nbd7 13. Ng3 h5 14. Be2 h4
15. Nf1 Nh7 $14) 10. Nge2 a6 11. a4 Nbd7 (11... h6 12. Bxh6 Nxe4 13. Nxe4 Qh4+
14. g3 Qxh6 15. Qxh6 Bxh6 16. Nf6+ $16) 12. Ng3 Rb8 $2 (12... Qe7 13. Be2 Qf8
14. O-O h5 $1 {/\ Nh7}) 13. Be2 Qc7 14. O-O c4 $2 15. Be3 $1 h5 (15... b5 $2
16. axb5 axb5 17. Ra7) 16. Ba7 (16. a5 h4 17. Nh1 Nc5 18. Bxc4 Ncxe4 $132)
16... Ra8 (16... b5 17. Bxb8 Qb6+ 18. Rf2 (18. Kh1 h4 $5 $13) 18... Nxb8 $16)
17. Bd4 b6 $6 (17... Nc5 18. Bxc4 Ncxe4 19. fxe4 Qxc4 20. Bxf6 $18) 18. Rfc1
$16 Ne5 19. Nd1 Bd7 20. b3 (20. Bxe5 dxe5 21. Bxc4 Qd6 $14) 20... b5 21. Nb2 $2
(21. Ne3 $16) (21. bxc4 bxc4 22. Nb2 $16) 21... Nxd5 $3 (21... h4 $6 22. Nh1 $1
$16 (22. Nf1 $2 Nxd5 $3)) 22. bxc4 (22. Bxe5 $2 Bxe5 23. exd5 c3) (22. exd5 Nd3
23. Qc3 (23. Qxd3 cxd3 24. Rxc7 Bxd4+) (23. Bxg7 Qc5+ 24. Kh1 Nf2+ 25. Kg1 Nh3+
26. Kh1 Qg1+ 27. Rxg1 Nf2#) 23... b4 $1 (23... Nxc1 24. Rxc1 b4 (24... Qa7 25.
Bxa7 Bxc3 26. Rxc3 Rxa7 27. Ne4 $16) 25. Qd2 c3 26. Bxg7 Qa7+ 27. Qd4 cxb2 28.
Rb1) 24. Qxc4 Qxc4 (24... Bxd4+ 25. Qxd4 Nxc1 26. Bc4 Re1+ 27. Kf2 Nxb3 28.
Bxb3 Rxa1 29. Ne4 Qa7 $19) 25. Rxc4 Nxb2 $17) 22... Nf4 $1 23. cxb5 (23. Qxf4
Nxf3+ 24. Kh1 Nxd4 $17) 23... Qb8 24. Be3 (24. bxa6 $2 h4 25. Be3 Nxe2+ 26.
Nxe2 Qxb2 27. Qxb2 Nxf3+ 28. gxf3 Bxb2 29. a7 d5 $17) (24. Be3 Nxe2+ 25. Nxe2
axb5 26. axb5 (26. a5 $2 d5 $1 27. exd5 (27. Qxd5 Be6 28. Qd2 Rd8 29. Qc2 b4
$36) 27... Nxf3+ 28. gxf3 Bxb2 29. Qxb2 Rxe3 $17) 26... Rxa1 27. Rxa1 Bxb5 $15)
1/2-1/2

[Event "St Maxime-02"]
[Site "St Maxime"]
[Date "1982.05.??"]
[Round "7"]
[White "Giffard, Nicolas"]
[Black "Hulak, Krunoslav"]
[Result "1-0"]
[WhiteElo "2345"]
[BlackElo "2490"]
[Annotator "Giffard,N"]
[PlyCount "89"]
[EventDate "1982.05.??"]
[EventType "tourn"]
[EventRounds "13"]
[EventCountry "FRA"]
[EventCategory "7"]
[SourceTitle "EXT 2018"]
[Source "ChessBase"]
[SourceDate "2017.10.13"]
[SourceVersion "1"]
[SourceVersionDate "2017.10.13"]
[SourceQuality "1"]
[TimeControl "40/9000:16/5400:0"]

1. d4 Nf6 2. c4 c5 3. d5 e6 4. Nc3 exd5 5. cxd5 d6 6. e4 g6 7. Bd3 Bg7 8. Nge2
O-O 9. O-O b6 10. h3 Ba6 11. Bg5 Qc7 12. Ng3 (12. Kh1 Bxd3 13. Qxd3 c4 14. Qd2
Nbd7 15. f4 b5 16. e5 dxe5 17. fxe5 Qxe5 18. Bf4 Qf5 19. Ng3 Qd3 20. Qf2 Nxd5
21. Rad1 Nxf4 22. Nxb5 a6 23. Nc7 Rac8 24. Rxd3 Nxd3 25. Qa7 N7e5 26. Nd5 Rcd8
{Haik,A (2440)-Hulak,K (2490)/St Maxime 1982/EXT 2004/0-1 (47)}) 12... Bxd3 13.
Qxd3 Nbd7 14. Qd2 a6 15. Bh6 b5 16. Rae1 Rae8 17. Kh1 c4 18. a3 Ne5 19. Bxg7
Kxg7 20. Re2 Nfd7 21. f4 Nd3 22. f5 Qd8 23. Re3 Qh4 24. Kg1 Kh8 25. b3 N7e5 26.
b4 Rg8 27. f6 Nd7 28. Ref3 N3e5 29. Re3 Nxf6 30. Qd4 Ra8 31. Nce2 Kg7 32. Rf4
Qh6 33. Ref3 $3 {[%cal Gd4g7]} Nxf3+ 34. Rxf3 Qg5 $2 (34... Qh4 {[%cal Gh4f6]})
35. Nf5+ $40 {[%csl Rf6,Rg5,Rg7][%cal Gf3g3]} Kf8 36. Rg3 gxf5 37. Rxg5 Nxe4
38. Rxf5 Re8 39. Nf4 Ng3 40. Rf6 Re1+ 41. Kf2 Rf1+ 42. Ke3 Ke7 43. Kd2 Rg5 44.
Kc2 Re5 45. Rxd6 1-0

[Event "BL2-West 9899"]
[Site "Germany"]
[Date "1999.01.10"]
[Round "4.2"]
[White "Chernin, Alexander"]
[Black "Glek, Igor Vladimirovich"]
[Result "1/2-1/2"]
[WhiteElo "2610"]
[BlackElo "2580"]
[Annotator "Glek,I"]
[PlyCount "94"]
[EventDate "1998.10.??"]
[EventType "team-tourn"]
[EventRounds "9"]
[EventCountry "GER"]
[SourceTitle "GER-chT2"]
[Source "ChessBase"]
[SourceDate "1999.07.01"]
[SourceVersion "1"]
[SourceVersionDate "1999.07.01"]
[SourceQuality "1"]
[WhiteTeam "Godesberg"]
[BlackTeam "Katernberg"]
[WhiteTeamCountry "GER"]
[BlackTeamCountry "GER"]

1. d4 Nf6 2. c4 g6 3. Nc3 Bg7 4. e4 d6 5. f3 O-O 6. Nge2 c5 7. d5 e6 8. Ng3
exd5 9. cxd5 Nh5 $5 (9... a6 10. a4 Nh5 $5 {Ward 2485 - Glek 2505, BL 1997})
10. Nxh5 gxh5 11. Bd3 f5 12. O-O Na6 13. a3 $146 (13. Bf4 $6 fxe4 14. fxe4 c4
$17 {Dreev 2645 - Shchekachev 2560, S.Petersburg (ch Russia) 1998}) 13... Bd7
14. Qc2 Qf6 15. Kh1 Rac8 16. Be3 c4 17. Be2 b5 18. Bxa7 Nc5 19. Rad1 Kh8 (19...
f4 $1 $44) 20. Bxc5 Rxc5 21. f4 $1 $14 h4 22. Bf3 Rcc8 23. exf5 Bxf5 24. Be4
Bd7 25. Bxh7 Qh6 26. Bg6 Rxf4 27. Ne2 Rff8 (27... Rxf1+ 28. Rxf1 Qg5 $44 (28...
Rf8 29. Rxf8+ Bxf8 30. Bf5 $14)) 28. Ng1 h3 29. Nxh3 Bxh3 30. gxh3 Rxf1+ 31.
Rxf1 Rf8 $1 $11 32. Rxf8+ Bxf8 33. Qf2 Bg7 34. Bf5 Qc1+ 35. Kg2 Qxb2 36. Qxb2
Bxb2 37. Bd7 c3 38. Bf5 Kg7 39. Kf3 Kf6 40. Bc2 Ke5 41. a4 bxa4 42. Bxa4 Kxd5
43. Ke2 Kc4 44. Kd1 Kd3 45. Bb5+ Ke3 46. Kc2 d5 47. h4 Kf4 1/2-1/2

[Event "London MSO Masters"]
[Site "London"]
[Date "1999.08.23"]
[Round "3"]
[White "Levitt, Jonathan"]
[Black "Golod, Vitali"]
[Result "0-1"]
[WhiteElo "2433"]
[BlackElo "2568"]
[Annotator "Golod,V"]
[PlyCount "40"]
[EventDate "1999.08.21"]
[EventType "swiss"]
[EventRounds "9"]
[EventCountry "ENG"]
[SourceTitle "EXT 2000"]
[Source "ChessBase"]
[SourceDate "1999.11.16"]
[SourceVersion "1"]
[SourceVersionDate "1999.11.16"]
[SourceQuality "1"]

1. d4 Nf6 2. c4 g6 3. Nc3 Bg7 4. e4 d6 5. f3 O-O 6. Be3 c5 7. Nge2 Nc6 8. d5
Ne5 9. Ng3 {Is the main line.} ({Also possibly:} 9. Nc1 $5) ({Worse is:} 9. Nf4
) 9... e6 $5 ({Other options are:} 9... a6 $5) ({and} 9... h5 $5) 10. Be2 exd5
11. cxd5 h5 $5 {[%csl Yh7][%cal Gh5h4,Yf6h7] Besides black has several
alternatives:} (11... a6 $5) ({and} 11... Re8) 12. O-O Nh7 13. Qd2 $5 {/\Bh6
or h3,f4} h4 (13... Re8 $143 14. Rae1 a6 15. f4 Ng4 16. Bxg4 Bxg4 17. e5 $36 {
Atalik,S-Golod,V/Satu-Mare,1994(1-0) (47)}) 14. Nh1 g5 $5 {[%csl Ge5,Rf4][%cal
Yg5f4] Glek's idea.Black consolidates his point(e5),as preparing f4 by g3 is
hardly feasibly in this position.} ({Another line is:} 14... f5 $5) 15. a3 $6
$146 {Apparently with the idea Rac1 and b4.} (15. Nf2 $142 {You can see
comments to Haba,P-Shulman,Y/CZE,1998/CBM 65 (1/2-1/2)Shulman)(54) and Haba,
P-Gross,D/Zlin,1998/CBM 66 (1-0)(Stohl)(41)}) (15. f4 gxf4 16. Bxf4 Bd7 17. a4
Qf6 18. Nf2 Rae8 19. Kh1 a6 $13 {Sammalvuo,T-Bekke Jensen,S/ Copenhagen,1998
(1-0)(34)}) 15... Bd7 16. Nf2 Qf6 $5 {[%csl Rf4,Gf6,Gg7]} 17. Rac1 (17. Bb5 $2
{is refuted by:} Bxb5 18. Nxb5 Nc4 $17 {[%csl Rb2,Re3]}) ({Dubious:} 17. g3 {
in view of:} hxg3 18. hxg3 Qg6 $36 {[%csl Rg1][%cal Gf7f5]}) 17... a6 ({
Now senselessly:} 17... h3 {because of:} 18. Nxh3 (18. g3 $2 Nxf3+ $1 (18...
Qxf3 $4 {[%csl Rd2,Rg1]} 19. Nxh3 $18 {[%csl Rf3]}) 19. Bxf3 Qxf3 {[%csl Rg1]
[%cal Gf3g2]} 20. Nxh3 $140 $2 Qxe3+ $1 21. Qxe3 Bd4 22. Qxd4 cxd4 $19 {
[%csl Rc3,Rh3]}) (18. Ng4 $5) 18... Bxh3 19. gxh3 Ng6 20. f4 $14) 18. b3 $5 {
/\Nd3} (18. b4 $6 cxb4 19. axb4 Rfc8 $36 {[%csl Rc3]} (19... Rac8 $5)) 18...
Rae8 (18... Qg6 $6 19. h3 $5 f5 20. exf5 Bxf5 $14 {[%csl Re4,Rg4]}) 19. Nd3 ({
After:} 19. b4 $6 {again good enough:} cxb4 20. axb4 Rc8 $36 {[%csl Rc3]})
19... Qe7 $1 {Right now point(e7)-best place for my queen.} 20. b4 $4 {[%mdl
8192] Gross inexplicable tactical blunder!} ({Can be recommended:} 20. Nxe5 $5
Qxe5 21. f4 (21. b4 $6 cxb4 22. axb4 Rc8 $36 {[%csl Rc3]}) 21... gxf4 22. Bxf4
(22. Rxf4 $143 h3 23. g3 f5 $13) 22... Qd4+ (22... Qe7 $5) 23. Qxd4 Bxd4+ (
23... cxd4 $2 {[%csl Re4]} 24. Nd1 Rxe4 25. Bd3 Rxf4 $140 $2 26. Bxh7+ $1 (26.
Rxf4 $2 Bh6 {[%csl Rc1,Rf4]} 27. Bxh7+ Kg7 $13) 26... Kxh7 (26... Kh8 $2 27.
Rxf4 Bh6 28. Rxh4 Bxc1 29. Bf5+ $18 {[%csl Rd7]}) 27. Rxf4 $16) 24. Kh1 Be5 $11
) ({or:} 20. Kh1 $5 {with approximately equal position.}) 20... Nc4 {[%csl Rd2,
Re3]} 0-1

[Event "Tata Steel-B 80th"]
[Site "Wijk aan Zee"]
[Date "2018.01.21"]
[Round "8"]
[White "Korobov, Anton"]
[Black "Amin, Bassem"]
[Result "0-1"]
[WhiteElo "2652"]
[BlackElo "2693"]
[Annotator "Golubev,M"]
[PlyCount "86"]
[EventDate "2018.01.13"]
[EventType "tourn"]
[EventRounds "13"]
[EventCountry "NED"]
[EventCategory "15"]
[SourceTitle "CBM 183"]
[Source "ChessBase"]
[SourceDate "2018.03.14"]
[SourceVersion "1"]
[SourceVersionDate "2018.03.14"]
[SourceQuality "1"]
[TimeControl "40/6000+30:20/3000+30:900+30"]

1. d4 {[%emt 0:00:00]} Nf6 {[%emt 0:00:48]} 2. c4 {[%emt 0:00:00]} g6 {[%emt 0:
00:06]} 3. Nc3 {[%emt 0:00:00]} Bg7 {[%emt 0:00:08]} 4. e4 {[%emt 0:00:00]} d6
{[%emt 0:00:06]} 5. f3 {[%emt 0:00:17]} O-O 6. Bg5 {[%emt 0:00:19]} c5 {
[%emt 0:01:19]} 7. d5 {[%emt 0:00:17]} h6 {[%emt 0:02:16]} 8. Be3 {[%emt 0:00:
27]} e6 {[%emt 0:00:07]} 9. Qd2 {[%emt 0:00:27]} exd5 {[%emt 0:00:29]} 10. cxd5
{[%emt 0:00:07] These extremely complex positions formally belong to the
Modern Benoni but are more important for the King's Indian (where Black's plan
...c5 is considered nowadays to be the most principled answer to the Sämisch
System) and they more often arise, as in the featured game, through the King's
Indian move order.} a6 {[%emt 0:00:36] Other important options are ...Re8 and .
..h5.} 11. a4 {[%emt 0:00:43]} (11. Bxh6 {is answered by} Nxe4 $1 {followed by
...Qh4+.}) 11... h5 {[%emt 0:00:09] Now the fight intersects also with lines
where White plays Be3 (instead of Bg5, Be3) while Black, respectively, plays ..
.h7-h5 in one move (instead of ...h6, ...h5) . Such nuances do not make the
opening preparation easier but players have to know them.} ({Note that
Kasparov in his games preferred} 11... Re8 12. Nge2 ({less common is} 12. Be2
$5) 12... Nbd7) ({While an immediate} 11... Nbd7 $6 {allows} 12. Nh3 $1) 12.
Nge2 {[%emt 0:07:26] Deviations for White include 12.a5!? and 12.Bh6!?.} Nbd7
$1 {[%emt 0:00:41]} 13. Nc1 {[%emt 0:05:36]} ({White has to rearrange his
minor pieces. Another quite often played move is} 13. Nd1 {planning Nec3 and
Nf2.}) ({One more option is} 13. Nf4) 13... Ne5 {[%emt 0:13:11]} 14. Be2 {
[%emt 0:01:04]} Nh7 {[%emt 0:00:43] Again Black had a choice, between this
move and 14...Re8, 14...h4.} (14... Rb8 15. O-O Qe8 16. Rb1 Bd7 17. b4 cxb4 18.
Rxb4 b5 19. axb5 axb5 20. N1a2 Nc4 21. Bxc4 bxc4 22. Rxc4 h4 23. h3 Nh5 24. Re1
Rb3 25. Nc1 Ra3 26. Bd4 Be5 27. N1e2 Qe7 28. f4 Bxd4+ 29. Qxd4 Rfa8 30. e5 Re8
31. Nc1 Bf5 32. Qf2 Ng3 33. Nb5 Ra6 34. Nb3 Bd3 35. Rc7 Qd8 36. Nxd6 Qxc7 37.
Nxe8 Qc3 38. Nc5 Ra2 39. Nf6+ Kh8 40. Qe3 Qc2 41. Qf3 Qxc5+ 42. Kh2 Qc3 43. Rb1
Rxg2+ 44. Qxg2 {Milanovic,D (2507)-Kislinsky,A (2451) Belgrade 2016 1/2-1/2})
15. h3 {[%emt 0:18:35] Still not new, but at least little explored. White
makes sure that, after the possible further f4, the g4-square will not be
available for the black knight. Still, White is not really planning to play f4
on the next move (for example, after ...Re8), because his e4 pawn will become
vulnerable after the retreat ...Nd7.} f5 $5 {[%emt 0:01:43]} 16. f4 {[%emt 0:
03:21] But now it's a different story. Or, at least, Korobov so decided.} Nf7 {
[%emt 0:00:28]} 17. exf5 $146 {[%emt 0:06:17]} ({Previously,} 17. Nd3 $5 Re8
18. Nf2 {had been seen in practice.} Qe7 19. g4 Nf6 20. Rg1 fxe4 21. O-O-O b5
22. axb5 axb5 23. Bxb5 Bd7 24. Bxd7 Qxd7 25. gxh5 gxh5 26. Rg6 Ra1+ 27. Kc2
Rxd1 28. Qxd1 Nh6 29. Qg1 Kh7 30. Rg5 Nf5 31. Nfd1 Bh6 32. Rg6 Qf7 33. Rg2 Nxd5
34. Nxd5 Qxd5 35. Rd2 Qc4+ 36. Kb1 Rb8 37. Qf2 Rb3 38. Qg1 Rd3 {0-1 (38)
Yakubboev,N (2131)-Alikulov,E (2212) Tashkent 2014}) 17... gxf5 $6 {[%emt 0:00:
59]} ({After} 17... Bxf5 $1 {Amin possibly disliked} 18. g4 {otherwise it's
hard to understand his decision. But Black is apparently doing very well
because White is underdeveloped:} Bd7 {and, for example,} 19. Nd3 Qe7 20. O-O-O
$2 {just loses a piece:} Rae8 21. Bf2 Bxc3 $19 {. While after the game move
White is at least somewhat better.}) 18. O-O {[%emt 0:00:36]} Nf6 {[%emt 0:00:
55]} 19. Bf2 {[%emt 0:02:35]} Bd7 {[%emt 0:00:48]} 20. a5 {[%emt 0:05:17]} Bb5
$6 {[%emt 0:10:36]} ({Black could have tried} 20... Nh8 21. Bh4 Ng6 22. Bg5 ({
White can also accept the pawn sacrifice,} 22. Bxf6 $5 Qxf6 23. Bxh5) 22... h4)
21. Re1 {[%emt 0:04:37]} Re8 {[%emt 0:05:31]} 22. Qc2 {[%emt 0:05:43]} Qd7 {
[%emt 0:03:46]} 23. Bf3 {[%emt 0:03:20]} Rxe1+ {[%emt 0:02:09]} 24. Bxe1 {
[%emt 0:00:02]} Re8 {[%emt 0:16:05]} 25. N1e2 {[%emt 0:01:30]} Ng4 $5 {[%emt 0:
03:38] In a worse for him position Black is trying to complicate matters.} 26.
Nxb5 $5 {[%emt 0:05:10]} axb5 {[%emt 0:00:51]} ({It was worth considering} 
26... Ne3 $5) 27. Bc3 $5 {[%emt 0:03:11]} Nfh6 $6 {[%emt 0:24:08]} ({Again} 
27... Ne3 {could have been a better chance.}) 28. Ng3 $1 {[%emt 0:04:03]} Bxc3
{[%emt 0:05:22]} 29. Qxc3 {[%emt 0:06:30]} b4 {[%emt 0:04:26]} 30. Qd2 {
[%emt 0:00:44]} h4 {[%emt 0:01:21]} 31. hxg4 $2 {[%emt 0:05:29] After Black's
on principle wrong decision on the 17th move Korobov gradually outplayed his
opponent, but now White goes astray, underestimating the dangers for his king,}
({The correct way was a calm} 31. Nf1 $1 {and if} Nf6 32. Qf2 {winning the
h4-pawn.}) 31... hxg3 {[%emt 0:02:08]} 32. g5 {[%emt 0:00:20]} Qg7 $1 {[%emt 0:
00:55]} 33. Bh5 $2 {[%emt 0:17:42]} ({White still could have achieved a draw
with precise play:} 33. Kf1 $1 {(planning Re1, which could not have been
played immediately because of 33...Qd4+!!)} Ng4 34. Bxg4 fxg4 35. Re1 $1 Rf8 $1
36. Qe3 Qf7 $5 37. Qe6 $1 Qxe6 38. dxe6 Rxf4+ 39. Ke2 Kf8 40. Ke3 $1 Rf5 ({or} 
40... Rf2 41. Kd3 $1 Ke7 {and now} 42. Re4 {or 42.Kc4}) 41. Rh1 $1 {planning
Rh7 or} Kg7 42. Rd1 $1 {and after} d5 {another pawn can be attacked:} 43. Rc1)
33... Nf7 $1 {[%emt 0:00:14] The g3-pawn is like a splinter in White's
position. Black's main threat now is ...Qh8! and White should do something
about this...} 34. Qd3 {[%emt 0:00:05]} (34. Re1 {still loses to} Qd4+ $1)
34... Qxb2 $1 {[%emt 0:04:10]} 35. Bxf7+ {[%emt 0:00:02]} ({White is lost also
after} 35. Rf1 Qh8 $1 36. Bxf7+ Kxf7 $1 37. Qxf5+ Ke7 $1 38. Qe6+ ({or} 38.
Re1+ Kd8 39. Rxe8+ Qxe8 40. Kf1 Qe3 41. Qf6+ Kc7 {and wins}) 38... Kd8 39.
Qxd6+ Kc8 40. Qxc5+ Kb8 $19 {and then, for example,} 41. Rc1 b3 42. d6 b2 43.
Rb1 Qh2+ 44. Kf1 Qh1+ 45. Qg1 Qh7 46. Rxb2 Qd3+) 35... Kg7 $1 {[%emt 0:03:06]}
({But not} 35... Kxf7 $2 36. Qxf5+ $11 {with a draw: if} Kg7 37. Qd7+) 36. Bxe8
{[%emt 0:00:47]} ({Or} 36. Rf1 Re1 $1 37. Qxg3 Qd4+ 38. Qf2 ({if} 38. Kh2 Rxf1)
38... Qxf2+ 39. Kxf2 Rxf1+ 40. Kxf1 b3 $1 $19 {and the black pawn is
unstoppable:} 41. Be6 Kg6 42. g4 fxg4) 36... Qxa1+ {[%emt 0:00:06]} 37. Qf1 {
[%emt 0:00:01]} Qd4+ {[%emt 0:00:06]} 38. Kh1 {[%emt 0:00:09]} b3 {[%emt 0:02:
05]} ({There were other winning moves as well. For example,} 38... Kf8) 39. Qe1
{[%emt 0:01:35]} Kf8 $1 {[%emt 0:00:44]} 40. Bh5 {[%emt 0:00:00]} {White
resigned because the variations are pretty simple:} Qe4 {[%emt 0:00:35]} 41.
Qxe4 ({or} 41. Qa1 b2) 41... fxe4 42. Bd1 ({or} 42. Bg6 e3 43. Bd3 b2) 42... b2
43. Bc2 e3 {...followed by 44...e2.} 0-1